| 000 | 00852nam a22002297a 4500 | ||
|---|---|---|---|
| 003 | 0 | ||
| 005 | 20241122120050.0 | ||
| 008 | 241122b xxu||||| |||| 00| 0 eng d | ||
| 020 | _a9780323779166 | ||
| 050 |
_aRT 55 _b.L33 2023 |
||
| 100 |
_aLaCharity, Linda A., _eauthor. |
||
| 245 |
_aPrioritization, delegation, and assignment in LPN/LVN nursing : _bpractice exercises for the NCLEX-PN examination / _cLinda A. LaCharity, Candice K. Kumagai, Shirley Meier Hosler. |
||
| 250 | _a1st ed. | ||
| 260 |
_aSt. Louis, Missouri : _bElsevier, _c2023. |
||
| 300 |
_axi, 223 p. ; _c28 cm. |
||
| 650 |
_aNursing _vProblems, exercises, etc. |
||
| 650 | _aPractical nursing Examinations. | ||
| 650 |
_aPractical nursing Examinations _vStudy guides. |
||
| 700 |
_aKumagai, Candice K., _eauthor. |
||
| 700 |
_aHosler, Shirley Meier, _eauthor. |
||
| 942 |
_2lcc _cBK |
||
| 999 |
_c366797 _d366797 |
||